Automobile Engineering / (Record no. 9748)
[ view plain ]
| 000 -LEADER | |
|---|---|
| fixed length control field | 00285cam a2200121ua 4500 |
| 082 ## - DEWEY DECIMAL CLASSIFICATION NUMBER | |
| Classification number | 629.2 |
| Item number | NAR/AU |
| 100 ## - MAIN ENTRY--AUTHOR NAME | |
| Personal name | Narang, G B S . |
| 245 ## - TITLE STATEMENT | |
| Title | Automobile Engineering / |
| 250 ## - EDITION STATEMENT | |
| Edition statement | 3 / 5 |
| 260 ## - PUBLICATION, DISTRIBUTION, ETC. (IMPRINT) | |
| Place of publication | Delhi : |
| Name of publisher | Khanna Publishers , |
| Year of publication | 1982. |
| 300 ## - PHYSICAL DESCRIPTION | |
| Number of Pages | 962 ; 1183 |
| 942 ## - ADDED ENTRY ELEMENTS (KOHA) | |
| Koha item type | Books |
| Withdrawn status | Lost status | Damaged status | Home library | Current library | Date acquired | Full call number | Accession Number | Koha item type | Collection code | Shelving location | Source of acquisition | Cost, normal purchase price |
|---|---|---|---|---|---|---|---|---|---|---|---|---|
| KAUAET | KAUAET | 07/04/2012 | 629.2 | 14526 | Books | |||||||
| KAUAET | KAUAET | 07/04/2012 | 629.2 | 14525 | Books | |||||||
| KAUAET | KAUAET | 30/03/2013 | 629.2 NAR/AU | 24006 | Books | General Stacks | Aman Book Stall, Calicut | 235.00 |
